00382nam a22001457a 450000500170000000800410001708200220005810000210008024500630010126000090016430000110017365000130018465000240019765000150022120250106060305.0250106b |||||||| |||| 00| 0 eng d 25568a305.23bNAN aWanasundera, N P aSexual Exploitation of ChildrenbIn the South Asian Region c1999 a77 p., aChildren aSexual exploitation aSouth Asia